Por qué prehistoria si hay historia precolombina? /
保存先:
| 第一著者: | |
|---|---|
| フォーマット: | 図書 |
| 言語: | Spanish |
| 出版事項: |
San José, Costa Rica :
Editorial Universidad Estatal a Distancia,
1986.
|
| 版: | Primera edición |
| 主題: | |
| タグ: |
タグ追加
タグなし, このレコードへの初めてのタグを付けませんか!
|
MARC
| LEADER | 00000cam a2200000 a 4500 | ||
|---|---|---|---|
| 001 | 553729 | ||
| 005 | 20160311111258.0 | ||
| 008 | 870714s1986 cr a b 000 0 spa | ||
| 020 | |a 9977642893 | ||
| 040 | |a DLC |c DLC |d CIICLA - UCR | ||
| 082 | 0 | |a 972.86 |2 19 |b F386p | |
| 100 | 1 | |a Ferrero Acosta, Luis |d 1930-2005. | |
| 245 | 1 | 0 | |a Por qué prehistoria si hay historia precolombina? / |c Luis Ferrero. |
| 250 | |a Primera edición | ||
| 260 | |a San José, Costa Rica : |b Editorial Universidad Estatal a Distancia, |c 1986. | ||
| 300 | |a 119 páginas : |b ilusraciones ; |c 21 centímetros. | ||
| 504 | |a Bibliografía: páginas 117-119. | ||
| 650 | 1 | 4 | |a INDIOS COSTARRICENSES |
| 650 | 1 | 4 | |a ARQUEOLOGIA COSTARRICENSE |
| 651 | 1 | 4 | |a COSTA RICA |x HISTORIA |
| 942 | |2 ddc |c BK | ||
| 999 | |c 4599 |d 4599 | ||



